How widespread were private investment nad regulatory reform in infrastructure utilities during the 1990s? (Record no. 45865)

MARC details
000 -LEADER
fixed length control field 00698nam a2200169 a 4500
008 - FIXED-LENGTH DATA ELEMENTS--GENERAL INFORMATION
fixed length control field 100614s2005 ||||||||||||||||| || u
050 ## - LIBRARY OF CONGRESS CALL NUMBER
Classification number IBRD(08)
100 ## - MAIN ENTRY--PERSONAL NAME
Personal name Estache, Antonio
245 10 - TITLE STATEMENT
Title How widespread were private investment nad regulatory reform in infrastructure utilities during the 1990s?
Statement of responsibility, etc. by Antonio Estache; Ana Goicoechea
260 ## - PUBLICATION, DISTRIBUTION, ETC.
Place of publication, distribution, etc. Washington, D. C.
Name of publisher, distributor, etc. World Bank
Date of publication, distribution, etc. 2005
300 ## - PHYSICAL DESCRIPTION
Extent 24p.
350 ## - PRICE (NR) (BK AM CF MU VM SE) [OBSOLETE]
Price 0.00
490 ## - SERIES STATEMENT
Series statement Policy Research Working Paper
650 ## - SUBJECT ADDED ENTRY--TOPICAL TERM
Topical term or geographic name entry element INVESTMENTS
700 ## - ADDED ENTRY--PERSONAL NAME
Personal name Goicoechea, Ana
995 ## - RECOMMENDATION 995 [LOCAL, UNIMARC FRANCE]
-- 0.00
-- CBU-MAIN LIBRARY (Kitwe)
-- 1
-- 0.00
-- 1
-- AVAILABLE
-- Jun 14, 2010
-- International Publications
Holdings
Withdrawn status Lost status Source of classification or shelving scheme Damaged status Not for loan Home library Current library Shelving location Date acquired Total Checkouts Full call number Barcode Date last seen Price effective from Koha item type
          CBU-MAIN LIBRARY, KITWE. CBU-MAIN LIBRARY, KITWE.   11/30/2022   IBRD(08) Z03006432 11/30/2022 11/30/2022 MONOGRAPH